Vincitori Premio della Critica del Festival di Sanremo - Statistics

Statistiche generali
  • Questo quiz è stato fatto 61 volte
    47 dall'ultimo reset
  • Il punteggio medio è 32 su 43
Statistiche sulle risposte
Anno Vincitore Premio della Critica Canzone vincitrice % Corretto
1996 Elio e le Storie Tese La terra dei cachi
97%
2013 Elio e le Storie Tese La canzone mononota
97%
1983 Matia Bazar Vacanze romane
97%
1985 Matia Bazar Souvenir
97%
1982 Mia Martini E non finisce mica il cielo
97%
1989 Mia Martini Almeno tu nell'universo
97%
1990 Mia Martini e Mijares La nevicata del '56
97%
1999 Daniele Silvestri Aria
90%
2002 Daniele Silvestri Salirò
90%
2019 Daniele Silvestri Argentovivo
90%
2020 Diodato Fai rumore
90%
2001 Elisa Luce (tramonti a nord est)
90%
1995 Giorgia Come saprei
90%
1984 Patty Pravo Per una bambola
90%
1997 Patty Pravo ...e dimmi che non vuoi morire
90%
2016 Patty Pravo Cieli immensi
90%
2011 Roberto Vecchioni Chiamami ancora amore
90%
2007 Simone Cristicchi Ti regalerò una rosa
90%
1987 Fiorella Mannoia Quello che le donne non dicono
86%
1988 Fiorella Mannoia Le notti di maggio
86%
1994 Giorgio Faletti Signor tenente
86%
2024 Loredana Bertè Pazza
83%
2000 Samuele Bersani Replay
83%
2012 Samuele Bersani Un pallone
83%
2017 Ermal Meta Vietato morire
79%
2023 Colapesce Dimartino Splash
76%
2022 Massimo Ranieri Lettera di là dal mare
76%
2010 Malika Ayane Ricomincio da qui
72%
2015 Malika Ayane Adesso e qui (nostalgico presente)
72%
2021 Willie Peyote Mai dire mai (la locura)
66%
1993 Cristiano De André Dietro la porta
62%
2014 Cristiano De André Invisibili
62%
2003 Sergio Cammariere Tutto quello che un uomo
59%
2008 Tricarico Vita tranquilla
59%
1986 Enrico Ruggeri Rien ne va plus
55%
1991 Enzo Jannacci e Ute Lemper La fotografia
41%
1998 Piccola Orchestra Avion Travel Dormi e sogna
41%
2018 Ron Almeno pensami
41%
1992 Nuova Compagnia di Canto Popolare Pe' dispietto
31%
2009 Afterhours Il paese è reale
28%
2004 Mario Venuti Crudele
24%
2005 Nicola Arigliano Colpevole
24%
2006 Noa, Carlo Fava e Solis String Quartet Un discorso in generale
21%
Nessun quiz corrispondente trovato
Distribuzione punteggi
Percentuale di utenti per punteggio
Percentile per numero di risposta
I tuoi punteggi nel tempo
Non hai fatto questo quiz dall'ultimo reset